000
00275nam a2200097Ia 4500
082
_a
EJF|MATI
245
0
_a
Betrayal
100
_a
Matiwana, Mzwandile, , 1967- Elim Hospital, South Africa, 2012
_9
52851
942
_c
BK
008
210817s9999 xx 000 0 und d
999
_c
168049
_d
168048